000 00251nam a2200097Ia 4500
082 _aEJF HARV
245 0 _aSipho's star
100 _a HARVEY, Jacqueline Cambridge, 2009
_999598
942 _cBK
008 210817s9999 xx 000 0 und d
999 _c423072
_d423071